000 nam a22 7a 4500
999 _c9724
_d9724
008 180206b ||||| |||| 00| 0 eng d
100 _aSingh,G.
_95830
245 _aABC of General Knowledge-6
260 _aNew Delhi
_bHoly Faith
_c2007